| 000 | 00382nam a2200121Ia 4500 | ||
|---|---|---|---|
| 008 | 191111s9999 xx 000 0 und d | ||
| 020 | _a9789719811428 | ||
| 100 | _aCalingasan, RECTO "Rex" M. | ||
| 245 |
_cRECTO "Rex" M. Calingasan.-- _aMathematics in the modern world / |
||
| 260 |
_aQuezon City : _bC & E Publishing, Inc. _c2018 |
||
| 300 | _aix, 356 pages. | ||
| 650 | _aMathematics | ||
| 999 |
_c362630 _d362630 |
||